000
00252nam a22001097a 4500
082
_a
823
_b
NEA/G
100
_a
NEAL, MICHAEL
245
_a
GREMLINS- A NEW FRIEND
260
_a
NEW YORK
_b
GOLDEN
_c
1984
650
_a
ENGLISH STORY
_z
UNITED STATES
942
_c
BK
999
_c
7527
_d
7527